000 00381nam a2200169Ia 4500
001 19791
003 IN-NITTTR
005 20251114233227.0
008 251113s9999||||xx |||||||||||||| ||eng||
040 _beng
040 _cIN-NITTTR
041 _aeng
082 _a823 W155G
100 _aWallace, Irving
245 4 _aThe guest of honor. /
_cWallace, Irving
942 _2ddc
_cBK
999 _c22425
_d22425